000
00420nam a2200145Ia 4500
008
100204s9999 xx 000 0 und d
082
_b
12399
100
_a
शिंदे भि. शि.
245
_a
उध्वस्त
260
_b
"भलरी प्रकाशन वसई, मुं."
_c
1989
300
_a
112
630
_a
उध्वस्त
730
_a
उध्वस्त
942
_c
BOOK
999
_c
456832
_d
456829